000
00325 a2200157 4500
001
193114
020
_a
978-85-7530-766-3
040
_c
Magnum
100
_a
Ferreira, Fábio Gonçalves
240
1
0
_a
Alegria
_l
por
245
1
0
_a
Alegria
300
_a
15
362
0
_a
2012
697
_a
LITERATURA INFANTIL
942
_c
BK
999
_c
193114
_d
193114